000 00712nam a22002537a 4500
001 380
003 FISKH
005 20230330153743.0
008 230330b cb ||||| |||| 00| 0 eng d
035 _a(OCoLC)367083
040 _aDLC
_cODaWU
_dOCoLC
_dWaChenE
_dDLC
_dFISKH
_beng
042 _apremarc
050 0 0 _aPZ8.L48
_bMag2
082 _a813
100 1 _aLewis, C. S.
_q(Clive Staples),
_d1898-1963.
245 1 4 _aThe magician's nephew ;
_cillustrated by Pauline Baynes.
260 _aNew York,
_bScholastic.
_c1995.
300 _a167 pages.
_billus.
_c20 cm.
505 _aM
521 8 _a790
_bLexile
521 8 _aM
_bRaz-Plus
906 _a7
_bcbc
_coclcrpl
_du
_encip
_f19
_gy-gencatlg
942 _2ddc
_cBK
_n0
999 _c380
_d380